| 000 | 00444nam a2200157Ia 4500 | ||
|---|---|---|---|
| 008 | 210716s2005 xx 000 0 und d | ||
| 020 | _a8173281149 | ||
| 041 | _aeng | ||
| 082 | _a338.0954 AGRA | ||
| 100 | _aAgrawal, A N. | ||
| 245 |
_aIndian economy: problems of development and planning. _bProblems of development and planning. |
||
| 250 | _a31 | ||
| 260 |
_aNew Delhi _bWishwa Prakashan _c2005 |
||
| 300 | _avi,743 | ||
| 650 | _aEconomics | ||
| 999 |
_c199245 _d199245 |
||